Score 0/15 Timer 03:00
0 Plays Today
Scramble Word % Correct
ODDO
99.9%
IDPDIP
99.8%
KDNUDUNK
99.4%
SERDSDRESS
97.5%
AEMGADDAMAGE
85.6%
VEDLIERDELIVER
77.7%
EDAISSTRDISASTER
74.9%
VTEOPEEMDNLDEVELOPMENT
46.5%
Scramble Word % Correct
RGAEDSOUNDANGEROUS
40.3%
UAICONFSILIIDTQADISQUALIFICATION
30.6%
FRITEADFIEENTDIFFERENTIATE
28.9%
GGAEPPRLEODNDOPPELGANGER
20.8%
ITRDACNOEODECORATION
7.6%
MILONAENOANDTIDENOMINATIONAL
3.9%
SOTYNDMVIREAETLDEMONSTRATIVELY
2%
Remove Ads.
Support Sporcle.
Get the best of Sporcle when you Go Orange. This ad-free experience offers more features, more stats, and more fun while also helping to support Sporcle. Thank you for becoming a member.

You're not logged in!

Compare scores with friends on all Sporcle quizzes.
OR
Log In

Show Comments

Extras

Top Quizzes Today


Score Distribution

Your Account Isn't Verified!

In order to create a playlist on Sporcle, you need to verify the email address you used during registration. Go to your Sporcle Settings to finish the process.

Report this User

Report this user for behavior that violates our Community Guidelines.

Details: